LEADER 00888nam0-22002771i-450 001 990001638700403321 005 20191118090619.0 035 $a000163870 035 $aFED01000163870 035 $a(Aleph)000163870FED01 035 $a000163870 100 $a20030910d1972----km-y0itay50------ba 101 0 $afre 200 1 $aAcariens Sarcoptiformes plumicoles (analgoidea) parasites sur les oiseaux charadriformes d'Afrique$fJean Gaud 210 $aTervuren$cMusee R. de l'Afrique Centrale$d1972 215 $a116 p.$d26 cm 610 0 $aAcarina 676 $a595.42 700 1$aGaud,$bJean$070246 801 0$aIT$bUNINA$gRICA$2UNIMARC 901 $aBK 912 $a990001638700403321 952 $a60 595.42 B 2$b44329$fFAGBC 959 $aFAGBC 996 $aAcariens Sarcoptiformes plumicoles (analgoidea) parasites sur les oiseaux charadriformes d'Afrique$91567179 997 $aUNINA